| 000 | 00390 a2200169 4500 | ||
|---|---|---|---|
| 001 | 71233 | ||
| 020 | _a8516004589 | ||
| 040 | _cAnchieta - Colégio São Paulo | ||
| 100 | _aSiguemoto, Regina | ||
| 240 | 1 | 0 |
_aSe ficar, o bicho pega _lpor |
| 245 | 1 | 0 | _aSe ficar, o bicho pega |
| 300 | _a16 | ||
| 362 | 0 | _a1991 | |
| 440 | 1 | _aModerna | |
| 650 | 4 | _aLiteratura infanto-juvenil | |
| 942 | _cBK | ||
| 999 |
_c71233 _d71233 |
||